000 00523nam a2200169 4500
001 140402
003 ES-MaACL
005 20230906200054.0
007 t|
008 070214m19701972sp r ||||1| spa d
100 1 _aSchwarze, E.
_9104887
245 1 0 _aCompendio de anatomía veterinaria /
_cE. Schwarze ; traducción de R. Martín Roldán.
260 _aZaragoza :
_bAcribia,
_c1970-1972.
300 _a6 v., 173 lám. :
_bil. ;
_c22 cm.
700 1 _aMartín Roldán, R.
_977635
852 _aES-MaACL
_jP-1726
_bR.74571
999 _c140402
_d140402